ՀՀ Գիտությունների ազգային ակադեմիայի հիմնարար գիտական գրադարան  =   Fundamental Scientific Library of NAS RA

Ветеринарно-санитарная экспертиза туш и органов животных при отравлении и санитарная оценка пищевых продуктов, содержащих остаточные количества токсических веществ : (Record no. 352984)

MARC details
000 -LEADER
fixed length control field 01499nam a2200217 a 4500
001 - CONTROL NUMBER
control field 001094032
003 - CONTROL NUMBER IDENTIFIER
control field AM-YeHGA
005 - DATE AND TIME OF LATEST TRANSACTION
control field 20250617151527.0
008 - FIXED-LENGTH DATA ELEMENTS--GENERAL INFORMATION
fixed length control field 150724s1978 ru r 000 0 rus d
040 ## - CATALOGING SOURCE
Original cataloging agency AM-YeHGA
041 0# - LANGUAGE CODE
Language code of text/sound track or separate title rus
090 ## - LOCALLY ASSIGNED LC-TYPE CALL NUMBER (OCLC); LOCAL CALL NUMBER (RLIN)
-- 354800
100 1# - MAIN ENTRY--PERSONAL NAME
Personal name Макаров, В.А.
245 10 - TITLE STATEMENT
Title Ветеринарно-санитарная экспертиза туш и органов животных при отравлении и санитарная оценка пищевых продуктов, содержащих остаточные количества токсических веществ :
Remainder of title Лекция для студентов ветеринарных и ветеринарно-биологического факультетов и ветеринарных врачей, обучающихся на факультетах повышения квалификации /
Statement of responsibility, etc. В.А. Макаров; МСХ СССР; Моск. ветерин. ак. им. К.И. Скрябина, Каф. ветерин.-санит. экспертизы.
260 ## - PUBLICATION, DISTRIBUTION, ETC.
Place of publication, distribution, etc. М. :
Name of publisher, distributor, etc. Б. и.,
Date of publication, distribution, etc. 1978.
300 ## - PHYSICAL DESCRIPTION
Extent 44 с. ;
Dimensions 21 см.
650 14 - SUBJECT ADDED ENTRY--TOPICAL TERM
Topical term or geographic name entry element Санитария
653 0# - INDEX TERM--UNCONTROLLED
Uncontrolled term Пищевые отравления
710 2# - ADDED ENTRY--CORPORATE NAME
Corporate name or jurisdiction name as entry element Министерство сельского хозяйства СССР
710 2# - ADDED ENTRY--CORPORATE NAME
Corporate name or jurisdiction name as entry element Московская ветеринарная академия им. К.И. Скрябина.
Subordinate unit Кафедра ветеринарно-санитарной экспертизы
Holdings
Withdrawn status Lost status Damaged status Not for loan Collection Home library Current library Date acquired Cost, normal purchase price Total checkouts Full call number Barcode Date last seen Price effective from Koha item type Public note
        General Fundamental Scientific Library Fundamental Scientific Library 11/01/2017 3550.00   РII/425492 FL0440498 11/01/2017 11/01/2017 Գրքեր / Books 30 Days Loan


ՀՀ ԳԱԱ հիմնարար գիտական գրադարան
ՀՀ,Երևան 0019
Մարշալ Բաղրամյան 24/6
հեռախոս:(374-10) 52-47-50
Հետադարձ կապ

All site content, except where otherwise noted, is licensed under a
Creative Commons License